| 000 | 00684nac a22002051u 4500 | ||
|---|---|---|---|
| 010 | _a | ||
| 020 | _a8124203148 | ||
| 082 | 0 | 0 |
_a658.8 _bPAL |
| 090 |
_c8590 _d8590 |
||
| 100 | _aPaley, Norton | ||
| 245 | 1 | 0 |
_aThe Marketing strategy : _cA handbook/ _bNorton Paley |
| 260 |
_aNew Delhi: _bCrest pulishing house,2004 _c2004. |
||
| 300 |
_a281p. ; _c26 cm. |
||
| 500 | _adistributer: Al-Ahram | ||
| 511 | _acatalogued by: wessam | ||
| 650 | 0 |
_aMarketing _xManagement. |
|
| 650 | 0 |
_aMarketing _xManagement _vCase studies. |
|
| 942 |
_cBB _k658.8PAL |
||
| 999 |
_c8590 _d8590 |
||